| 000 -ლიდერი |
| ფიქსირებული სიგრძის საკონტროლო ველი |
01099nam a22001937a 4500 |
| 003 - საკონტროლო ნომრის იდენტიფიკატორი |
| საკონტროლო ველი |
Ge_BSU |
| 005 - ბოლო ოპერაციის თარიღი და დრო |
| საკონტროლო ველი |
20230301120426.0 |
| 008 - ფიქსირებული სიგრძის მონაცემთა ელემენტები - ზოგადი ინფორმაცია |
| ფიქსირებული სიგრძის საკონტროლო ველი |
230228sწ.ა xxu||||| |||| 00| 0 geo d |
| 041 ## - ენის კოდი |
| Language code of text/sound track or separate title |
geo |
| 080 ## - უნივერსალური ათობითი კლასიფიკაციის ინდექსი |
| Universal Decimal Classification number |
331.108:336.22+347.736 ს-14 |
| 245 ## - ცნობა სათაურის შესახებ |
| Title |
საგადასახადო ორგანოების მოხელეთა საკვალიფიკაციო გამოცდებისათვის მოსამზადებელი სასწავლო კურსი / |
| Statement of responsibility, etc |
საია. |
| 264 ## - წარმოების, გამოცემის, დისტრიბუციის და სხვა ცნობები |
| გამოცემის, წარმოების, დისტრიბუციის... ადგილი |
[თბილისი], |
| გამოცემის, წარმოების, დისტრიბუციის... თარიღი |
წ.ა. |
| 300 ## - ფიზიკური აღწერა |
| Extent |
174 გვ. ; |
| Other physical details |
20 სმ. |
| 504 ## - BIBLIOGRAPHY, ETC. NOTE |
| Bibliography, etc |
ბიბლიოგრ.: გვ. 174. |
| 653 ## - INDEX TERM--UNCONTROLLED |
| Uncontrolled term |
საგადასახადო მოხელეთა კვალიფიკაცის ამაღლება |
| 653 ## - INDEX TERM--UNCONTROLLED |
| Uncontrolled term |
საგადასახადო მოხელეთა ატესტაცია |
| 710 ## - ADDED ENTRY--CORPORATE NAME |
| Corporate name or jurisdiction name as entry element |
საქართველოს ახალგაზრდა იურისტთა ასოციაცია (საია) |
| 9 (RLIN) |
16851 |
| 942 ## - ADDED ENTRY ELEMENTS (KOHA) |
| Source of classification or shelving scheme |
|
| Koha item type |
წიგნი |